<?xml version="1.0" encoding="UTF-8"?>
<record
    xmlns:xsi="http://www.w3.org/2001/XMLSchema-instance"
    xsi:schemaLocation="http://www.loc.gov/MARC21/slim http://www.loc.gov/standards/marcxml/schema/MARC21slim.xsd"
    xmlns="http://www.loc.gov/MARC21/slim">

  <leader>01648nam a2200289Ia 4500</leader>
  <controlfield tag="001">2148</controlfield>
  <controlfield tag="008">230305s2011    xx            000 0 und d</controlfield>
  <datafield tag="020" ind1=" " ind2=" ">
    <subfield code="a">8436540900463</subfield>
  </datafield>
  <datafield tag="043" ind1=" " ind2=" ">
    <subfield code="a">en_UK</subfield>
  </datafield>
  <datafield tag="041" ind1=" " ind2=" ">
    <subfield code="a">spa</subfield>
  </datafield>
  <datafield tag="245" ind1=" " ind2="0">
    <subfield code="a">Mercado de futuros</subfield>
  </datafield>
  <datafield tag="260" ind1=" " ind2=" ">
    <subfield code="a"></subfield>
    <subfield code="b">Cameo,</subfield>
    <subfield code="c">2011</subfield>
  </datafield>
  <datafield tag="300" ind1=" " ind2=" ">
    <subfield code="a">110min. ; 1 disco DVD</subfield>
  </datafield>
  <datafield tag="505" ind1=" " ind2=" ">
    <subfield code="a">Contiene clip de la productora, notas sobre el arte de la memoria, galer&#xED;a de fotos y ficha t&#xE9;cnica.</subfield>
  </datafield>
  <datafield tag="520" ind1=" " ind2=" ">
    <subfield code="a">El desalojo y derribo de una antigua casa, con todos sus muebles, su abundante biblioteca y su cargamento entero de memoria personal, constituye el punto de arranque de "Mercado de futuros", pel&#xED;cula documental que intenta trazar algunos rasgos del nuevo aspecto del mundo. La c&#xE1;mara se asoma a la fiebre del mercado inmobiliario, convertido en una feria del espect&#xE1;culo y promesa del enriquecimiento o del para&#xED;so, a los brokers de la inversi&#xF3;n financiera y a los gur&#xFA;s y predicadores del &#xE9;xito y la mitolog&#xED;a empresarial. De fondo, queda una mirada sobre la virtualizaci&#xF3;n del espacio urbano, el desalojo de la memoria personal y colectiva, y la banalizaci&#xF3;n de sue&#xF1;os y deseos, convertidos finalmente en pura mercanc&#xED;a.</subfield>
  </datafield>
  <datafield tag="590" ind1=" " ind2=" ">
    <subfield code="b">Idiomas disponibles: castellano y catal&#xE1;n. Subt&#xED;tulos disponibles en ingl&#xE9;s y gallego</subfield>
  </datafield>
  <datafield tag="650" ind1=" " ind2="0">
    <subfield code="a">Feature films</subfield>
    <subfield code="9">26078</subfield>
  </datafield>
  <datafield tag="700" ind1=" " ind2=" ">
    <subfield code="a">&#xC1;lvarez, Mercedes,</subfield>
    <subfield code="e">Author</subfield>
    <subfield code="9">21808</subfield>
  </datafield>
  <datafield tag="856" ind1=" " ind2=" ">
    <subfield code="u">https://www.imdb.com/title/tt2087876/?ref_=fn_al_tt_1</subfield>
  </datafield>
  <datafield tag="902" ind1=" " ind2=" ">
    <subfield code="a">178</subfield>
  </datafield>
  <datafield tag="905" ind1=" " ind2=" ">
    <subfield code="a">m</subfield>
  </datafield>
  <datafield tag="911" ind1=" " ind2=" ">
    <subfield code="a">https://biblioteca.tbs-education.es/portadas/8436540900463.jpg</subfield>
  </datafield>
  <datafield tag="912" ind1=" " ind2=" ">
    <subfield code="a">2011-01-01</subfield>
  </datafield>
  <datafield tag="942" ind1=" " ind2=" ">
    <subfield code="a">1</subfield>
  </datafield>
  <datafield tag="952" ind1=" " ind2=" ">
    <subfield code="0">0</subfield>
    <subfield code="1">0</subfield>
    <subfield code="4">0</subfield>
    <subfield code="7">0</subfield>
    <subfield code="a">TBS</subfield>
    <subfield code="b">TBS</subfield>
    <subfield code="c">26</subfield>
    <subfield code="d">2018-04-26</subfield>
    <subfield code="l">0</subfield>
    <subfield code="o">DVD ALV</subfield>
    <subfield code="p">DVD ALV (Mer)-1</subfield>
    <subfield code="r">2018-04-26</subfield>
    <subfield code="w">2023-03-05</subfield>
    <subfield code="y">1</subfield>
  </datafield>
  <datafield tag="953" ind1=" " ind2=" ">
    <subfield code="d">2018-04-26 15:27:14</subfield>
  </datafield>
  <datafield tag="999" ind1=" " ind2=" ">
    <subfield code="c">2088</subfield>
    <subfield code="d">2088</subfield>
  </datafield>
</record>
